|
|
|
|
| LEADER |
01086cam a2200289Ia 4500 |
| 001 |
9780203329122 |
| 003 |
FlBoTFG |
| 005 |
20091230162925.0 |
| 006 |
a|||||s||||||||||| |
| 007 |
cr|||| |
| 008 |
021209s2003 enk sb 001 0deng d |
| 020 |
|
|
|a 9780203329122 (e-book : PDF)
|
| 040 |
|
|
|a FlBoTFG
|c FlBoTFG
|d GrThAP
|
| 090 |
|
|
|a BR1720.T25
|b H86 2003
|
| 092 |
|
|
|a 270.1092
|b H939
|
| 100 |
1 |
|
|a Hunt, Emily J.
|q (Emily Jane),
|d 1974-
|
| 245 |
1 |
0 |
|a Christianity in the second century
|h [electronic resource] :
|b the case of Tatian /
|c Emily J. Hunt.
|
| 260 |
|
|
|a London ;
|a New York :
|b Routledge,
|c 2003.
|
| 300 |
|
|
|a xii, 240 p.
|
| 504 |
|
|
|a Includes bibliographical references (p. 224-237) and index.
|
| 530 |
|
|
|a Also available in print edition.
|b CRC Press (http://www.crcpress.com)
|
| 538 |
|
|
|a Mode of access: World Wide Web.
|
| 600 |
0 |
0 |
|a Tatian,
|d ca. 120-173.
|
| 650 |
|
0 |
|a Theology, Doctrinal
|x History
|y Early church, ca. 30-600.
|
| 655 |
|
7 |
|a Electronic books.
|2 lcsh
|
| 776 |
1 |
|
|z 9780415304054
|
| 856 |
4 |
0 |
|u http://www.tandfebooks.com/isbn/9780203329122
|z Full Text via HEAL-Link
|